| 000 | 00557nam a2200157 a 4500 | ||
|---|---|---|---|
| 001 | 4713 | ||
| 003 | CDMR | ||
| 005 | 20130403103211.0 | ||
| 008 | 130130s2002||||||||||||||||||||||||||||d | ||
| 040 |
_aCDMR _bcat _cCDMR |
||
| 100 | 1 |
_93070 _aFont Aceitero, Isidre |
|
| 245 | 1 | 0 |
_aGuia de la informació agrària i agroalimentària a Catalunya 2002 _celaboració: Isidre Font Aceitero i Salvador Redó i Martí |
| 260 |
_aBarcelona _c2002 _bGeneralitat de Catalunya. Departament d'Agricultura, Ramaderia i Pesca |
||
| 700 | 1 |
_93071 _aRedó, Salvador |
|
| 942 |
_cMON _2udc |
||
| 999 |
_c4713 _d4713 |
||